000 00359nam a2200145Ia 4500
008 230711s9999||||xx |||||||||||||| ||und||
041 _aENG
082 _a720
_bAL-S
100 _aAlexander Koval
245 0 _aSpaceflight sense life on earth
250 _a1st
260 _c1980
_aNew Delhi
_bNirja Const & Development co.Ltd
650 _aLiteature
942 _cBK
999 _c46
_d46